000
00314nam a2200109Ia 4500
008
190716s9999 xx 000 0 und d
082
_a
TM-408#
100
_a
Mallik, Basanta Kumar
245
0
_a
Social protest and popular movement in medieval Orissa
500
_a
Continued in Next Acc. No. MF549
942
_c
MF
_2
DDC
999
_c
24213
_d
24213